Discovering your purpose / (Record no. 1442)

MARC details
000 -LEADER
fixed length control field 00653nam a2200241 a 4500
005 - DATE AND TIME OF LATEST TRANSACTION
control field 20260322212100.0
008 - FIXED-LENGTH DATA ELEMENTS--GENERAL INFORMATION
fixed length control field data
010 ## - LIBRARY OF CONGRESS CONTROL NUMBER
LC control number 95074668
020 ## - INTERNATIONAL STANDARD BOOK NUMBER
International Standard Book Number 1878542923
020 ## - INTERNATIONAL STANDARD BOOK NUMBER
International Standard Book Number 9781878542922
040 ## - CATALOGING SOURCE
Original cataloging agency DLC
Transcribing agency DLC
050 00 - LIBRARY OF CONGRESS CALL NUMBER
Classification number BF637.C5
Item number H29 1996
092 ## - LOCALLY ASSIGNED DEWEY CALL NUMBER (OCLC)
Classification number 170.44 H29 1996
001 - CONTROL NUMBER
control field data
100 1# - MAIN ENTRY--PERSONAL NAME
Personal name Haley, Ivy.
245 10 - TITLE STATEMENT
Title Discovering your purpose /
Statement of responsibility, etc. Ivy Haley.
260 ## - PUBLICATION, DISTRIBUTION, ETC.
Place of publication, distribution, etc. Mission, Kan. :
Name of publisher, distributor, etc. SkillPath Publications,
Date of publication, distribution, etc. c1996.
300 ## - PHYSICAL DESCRIPTION
Extent ix, 126 p. ;
Dimensions 23 cm.
440 #0 - SERIES STATEMENT/ADDED ENTRY--TITLE
Title SkillPath self-study sourcebook
504 ## - BIBLIOGRAPHY, ETC. NOTE
Bibliography, etc. note Includes bibliographical references (p. 123-126).
650 #0 - SUBJECT ADDED ENTRY--TOPICAL TERM
Topical term or geographic name entry element Conduct of life.
650 #0 - SUBJECT ADDED ENTRY--TOPICAL TERM
Topical term or geographic name entry element Vocation.
Holdings
Withdrawn status Lost status Damaged status Not for loan Home library Current library Shelving location Date acquired Total checkouts Full call number Barcode Date last seen Price effective from Koha item type
        Franklin Franklin General stacks 22/03/2026   BF637.C5 H29 1996 BC0011489 22/03/2026 22/03/2026 Books